000 01466nam a2200373 a 4500
001 ebr10524575
003 CaPaEBR
006 m u
007 cr cn|||||||||
008 120210s2011 si a sb 000 0 eng d
020 _z9814343986
020 _z9789814343985
020 _z9789814343992 (e-book)
040 _aCaPaEBR
_cCaPaEBR
035 _a(OCoLC)778434573
050 1 4 _aQD96.M65
_bA38 2011eb
245 0 0 _aAdvances in multi-photon processes and spectroscopy
_h[electronic resource] /
_cedited by S.H. Lin, A.A. Villaeys, Y. Fujimura.
246 3 0 _aMulti-photon processes and spectroscopy
260 _aSingapore :
_bWorld Scientific,
_c2011.
300 _axi, 246 p. :
_bill.
490 0 _aAdvances in multi-photon processes and spectroscopy ;
_vv. 20
504 _aIncludes bibliographical references.
533 _aElectronic reproduction.
_bPalo Alto, Calif. :
_cebrary,
_d2012.
_nAvailable via World Wide Web.
_nAccess may be limited to ebrary affiliated libraries.
650 0 _aMultiphoton processes.
650 0 _aSpectrum analysis.
650 0 _aLaser spectroscopy.
650 0 _aMolecular spectra.
655 7 _aElectronic books.
_2local
700 1 _aLin, S. H.
_q(Sheng Hsien),
_d1937-
700 1 _aVillaeys, A. A.
700 1 _aFujimura, Y.
_q(Yuichi)
710 2 _aebrary, Inc.
856 4 0 _uhttp://site.ebrary.com/lib/rucke/Doc?id=10524575
_zAn electronic book accessible through the World Wide Web; click to view
999 _c143389
_d143389